Real Madrid Anthem (Hala Madrid ...y nada más) - Statistics

General Stats
  • This quiz has been taken 225 times
  • The average score is 51 of 118
Answer Stats
1 % Correct
historia
99%
que
89%
tu
77%
historia
76%
por
72%
hacer
71%
hiciste
71%
porque
68%
de
67%
ganas
67%
nadie
67%
resiste
67%
tus
67%
mi
66%
vencer
66%
viejo
66%
estrellas
65%
las
65%
ya
65%
de
63%
salen
63%
cerca
62%
chamartin
62%
de
62%
lejos
62%
y
62%
hasta
58%
nos
58%
traes
58%
aqui
57%
camiseta
43%
la
43%
madrid
43%
mi
43%
saeta
43%
tu
43%
ya
43%
ya
43%
al
42%
ataca
42%
corazon
42%
dias
42%
los
42%
lucha
42%
son
42%
soy
42%
soy
42%
soy
42%
tu
42%
belleza
41%
corre
41%
hala
41%
hala
41%
juegas
41%
lo
41%
madrid
41%
madrid
41%
madrid
41%
madrid
41%
madrid
41%
mas
41%
mas
41%
nada
41%
nada
41%
que
41%
que
41%
todo
41%
y
41%
y
41%
aprendi
39%
el
39%
grito
39%
que
39%
pegada
38%
historia
33%
historia
32%
madrid
32%
que
32%
tu
32%
hacer
30%
hala
30%
hiciste
30%
madrid
30%
mas
30%
mas
30%
nadie
30%
por
30%
porque
30%
de
29%
ganas
29%
hala
29%
madrid
29%
madrid
29%
nada
29%
nada
29%
resiste
29%
tus
29%
vencer
29%
y
29%
y
29%
cerca
28%
chamartin
28%
de
28%
de
28%
estrellas
28%
las
28%
lejos
28%
madrid
28%
mi
28%
nos
28%
salen
28%
traes
28%
viejo
28%
y
28%
ya
28%
aqui
27%
hasta
27%
lievo
6%
No matching quizzes found
Score Distribution
Percent of People with Each Score
Percentile by Number Answered
Your Score History
You have not taken this quiz